| 000 | 00475nam a22001577a 4500 | ||
|---|---|---|---|
| 005 | 20251117100225.0 | ||
| 008 | 251117b |||||||| |||| 00| 0 eng d | ||
| 020 | _a979-8-88715-076-5 | ||
| 100 | _aPARKER, ARNOLD | ||
| 245 | _aCRIME AGAINST WOMEN | ||
| 260 |
_aDUBLIN _bORYSON PRESS _c2023 |
||
| 300 | _aVIII, 277P. | ||
| 500 | _aINCLUDES INDEX | ||
| 650 | _a1. WOMEN- CRIMES AGAINST 2. VIOLENCE AGAINST WOMEN 3. SEX CRIMES. 4. CRIMINAL JUSTICE -WOMEN | ||
| 942 |
_2lcc _cBK |
||
| 999 |
_c216191 _d216191 |
||